书目信息 |
| 题名: |
建筑:不可抗拒的艺术 下
|
|
| 作者: | 赵鑫珊 著 | |
| 分册: | ||
| 出版信息: | 天津 百花文艺出版社 2002.01 |
|
| 页数: | 351-784页 | |
| 开本: | 20cm | |
| 丛书名: | ||
| 单 册: | ||
| 中图分类: | TU-8 | |
| 科图分类: | ||
| 主题词: | 建筑艺术 | |
| 电子资源: | ||
| ISBN: | 7-5306-3264-7 | |
| 000 | 00557nam0 2200193 45 | |
| 001 | 0354216039 | |
| 005 | 2003030915033580 | |
| 010 | @a7-5306-3264-7@dRMB 26.50 | |
| 100 | @a20030309d2002 km y0chiy0120 ea | |
| 101 | 0 | @achi |
| 102 | @aCN@b120000 | |
| 200 | 1 | @a建筑:不可抗拒的艺术 下@Ajian zhu:bu ke kang ju de yi shu xia@f赵鑫珊著@Fzhao xin shan zhu |
| 210 | @a天津@c百花文艺出版社@d2002.01 | |
| 215 | @a351-784页@d20cm | |
| 606 | 0 | @a建筑艺术 |
| 690 | @aTU-8@v3 | |
| 701 | 0 | @a赵鑫珊@Azhao xin shan@4著 |
| 801 | 0 | @aCN@bPFT@c20030309 |
| 905 | @dTU-8@eZ330:2 | |
| 建筑:不可抗拒的艺术 下/赵鑫珊著.-天津:百花文艺出版社,2002.01 |
| 351-784页;20cm |
| ISBN 7-5306-3264-7:RMB 26.50 |
| ● |
| 相关链接 |
|
|
|
正题名:建筑:不可抗拒的艺术 下
索取号:TU-8/Z330:2
 
预约/预借
| 序号 | 登录号 | 条形码 | 馆藏地/架位号 | 状态 | 备注 |
| 1 | 364807 | 203648071 | 建筑库101/101建筑库 15排4列4层/ [索取号:TU-8/Z330:2] | 在馆 | |
| 2 | 364808 | 203648080 | 建筑库101/101建筑库 15排4列4层/ [索取号:TU-8/Z330:2] | 在馆 | |
| 3 | 364809 | 203648099 | 建筑与城市规划学院资料室/101建筑库 2排2列1层/ [索取号:TU-8/Z330:2] | 在馆 |